Statistics for Every Joni Mitchell Song

Click here to take the quiz!

General Stats

  • This quiz has been taken 25 times
  • The average score is 99 of 206

Answer Stats

Answer% Correct
Both Sides, Now
100%
Blue
92%
Song to a Seagull
92%
A Case of You
85%
Cactus Tree
85%
Dog Eat Dog
85%
For the Roses
85%
Help Me
85%
Night Ride Home
85%
Amelia
77%
California
77%
Chelsea Morning
77%
Court and Spark
77%
Coyote
77%
Don Juan's Reckless Daughter
77%
Hejira
77%
I Had a King
77%
In France They Kiss on Main Street
77%
River
77%
The Hissing of Summer Lawns
77%
The Last Time I Saw Richard
77%
All I Want
69%
Big Yellow Taxi
69%
Big Yellow Taxi (2007)
69%
Carey
69%
Edith and the Kingpin
69%
Free Man in Paris
69%
Ladies of the Canyon
69%
Little Green
69%
My Old Man
69%
Shine
69%
Sisotowbell Lane
69%
Taming the Tiger
69%
The Pirate of Penance
69%
This Flight Tonight
69%
Wild Things Run Fast
69%
Woodstock
69%
Black Crow
62%
Blonde in the Bleachers
62%
Furry Sings the Blues
62%
Goodbye Pork Pie Hat
62%
Michael from Mountains
62%
Nathan La Franeer
62%
Night in the City
62%
Paprika Plains
62%
People's Parties
62%
Song for Sharon
62%
The Circle Game
62%
The Jungle Line
62%
Turbulent Indigo
62%
Twisted
62%
You Turn Me On, I'm a Radio
62%
Banquet
54%
Barangrill
54%
Car on a Hill
54%
Cherokee Louise
54%
Conversation
54%
Down to You
54%
For Free
54%
Harry's House / Centerpiece
54%
I Don't Know Where I Stand
54%
If
54%
Just Like This Train
54%
Marcie
54%
Morning Morgantown
54%
Raised on Robbery
54%
Refuge of the Road
54%
Refuge of the Roads
54%
Sex Kills
54%
Shades of Scarlett Conquering
54%
The Boho Dance
54%
The Dawntreader
54%
The Dry Cleaner from Des Moines
54%
The Magdalene Laundries
54%
Tin Angel
54%
Trouble Child
54%
A Strange Boy
46%
Blue Hotel Room
46%
Chinese Café / Unchained Melody
46%
Don't Interrupt the Sorrow
46%
Electricity
46%
Ethiopia
46%
Jericho
46%
Lakota
46%
Love
46%
Otis and Marlena
46%
Rainy Night House
46%
Same Situation
46%
Shadows and Light
46%
Sweet Bird
46%
Talk to Me
46%
That Song About the Midway
46%
The Beat of Black Wings
46%
The Fiddle and the Drum
46%
The Priest
46%
Woman of Heart and Mind
46%
Yvette in English
46%
A Chair in the Sky
38%
At Last
38%
Blue Boy
38%
Borderline
38%
Cold Blue Steel and Sweet Fire
38%
Dreamland
38%
Good Friends
38%
Hana
38%
Harlem in Havana
38%
How Do You Stop
38%
I Think I Understand
38%
Judgement of the Moon and Stars (Ludwig's Tune)
38%
Moon at the Window
38%
My Secret Place
38%
Not to Blame
38%
Number One
38%
One Week Last Summer
38%
Passion Play (When All the Slaves Are Free)
38%
Roses Blue
38%
Snakes and Ladders
38%
Songs to Aging Children Come
38%
Sunny Sunday
38%
Tax Free
38%
The Arrangement
38%
The Gallery
38%
The Sire of Sorrow (Job's Sad Song)
38%
This Place
38%
Willy
38%
(You're So Square) Baby I Don't Care
38%
A Bird That Whistles
31%
Be Cool
31%
Come in from the Cold
31%
Comes Love
31%
Face Lift
31%
God Must Be a Boogie Man
31%
If I Had a Heart
31%
I Wish I Were in Love Again
31%
Ladies' Man
31%
Last Chance Lost
31%
Love Puts on a New Face
31%
Lucky Girl
31%
Man from Mars
31%
Man to Man
31%
Night of the Iguana
31%
No Apologies
31%
Off Night Backstreet
31%
Overture: Cotton Avenue
31%
Ray's Dad's Cadillac
31%
Slouching Towards Bethlehem
31%
Smokin' (Empty, Try Another)
31%
Solid Love
31%
Stormy Weather
31%
The Impossible Dreamer
31%
The Only Joy in Town
31%
The Silky Veils of Ardor
31%
The Tenth World
31%
The Wolf That Lives in Lindsey
31%
Two Grey Rooms
31%
Underneath the Streetlight
31%
You're My Thrill
31%
Answer Me, My Love
23%
Bad Dreams
23%
Cool Water
23%
Dancin' Clown
23%
Don't Go to Strangers
23%
Don't Worry 'bout Me
23%
Fiction
23%
Lead Balloon
23%
Lesson in Survival
23%
Let the Wind Carry Me
23%
My Best to You
23%
Nothing Can Be Done
23%
See You Sometime
23%
Shiny Toys
23%
Sometimes I'm Happy
23%
Stay in Touch
23%
Strong and Wrong
23%
Sweet Sucker Dance
23%
The Crazy Cries of Love
23%
The Reoccurring Dream
23%
The Tea Leaf Prophecy (Lay Down Your Arms)
23%
The Three Great Stimulants
23%
The Windfall (Everything for Nothing)
23%
Tiger Bones
23%
You Dream Flat Tires
23%
You've Changed
23%

Score Distribution

Percentile by Number Answered

Percent of People with Each Score

Your Score History

You have not taken this quiz